<?xml version="1.0" encoding="UTF-8"?>
<record
    xmlns:xsi="http://www.w3.org/2001/XMLSchema-instance"
    xsi:schemaLocation="http://www.loc.gov/MARC21/slim http://www.loc.gov/standards/marcxml/schema/MARC21slim.xsd"
    xmlns="http://www.loc.gov/MARC21/slim">

  <leader>00566nam a22002177a 4500</leader>
  <controlfield tag="003">OSt</controlfield>
  <controlfield tag="005">20251215152826.0</controlfield>
  <controlfield tag="008">210223b           ||||| |||| 00| 0 eng d</controlfield>
  <datafield tag="020" ind1=" " ind2=" ">
    <subfield code="a">9789389423006</subfield>
  </datafield>
  <datafield tag="082" ind1=" " ind2=" ">
    <subfield code="a">005.133</subfield>
    <subfield code="b">K13A</subfield>
  </datafield>
  <datafield tag="100" ind1=" " ind2=" ">
    <subfield code="a">Kanetkar, Yashavant P</subfield>
  </datafield>
  <datafield tag="245" ind1=" " ind2=" ">
    <subfield code="a">ANSI C Programming</subfield>
    <subfield code="c">by Yashavant P. Kanetkar </subfield>
  </datafield>
  <datafield tag="250" ind1=" " ind2=" ">
    <subfield code="a">(2nd ed.?)</subfield>
  </datafield>
  <datafield tag="260" ind1=" " ind2=" ">
    <subfield code="a">New Delhi</subfield>
    <subfield code="b">BPB Publication</subfield>
    <subfield code="c">2019</subfield>
  </datafield>
  <datafield tag="300" ind1=" " ind2=" ">
    <subfield code="a">xiv, 583p.</subfield>
    <subfield code="b">Paperback</subfield>
  </datafield>
  <datafield tag="546" ind1=" " ind2=" ">
    <subfield code="a">English</subfield>
  </datafield>
  <datafield tag="650" ind1=" " ind2=" ">
    <subfield code="a">C programming</subfield>
  </datafield>
  <datafield tag="650" ind1=" " ind2=" ">
    <subfield code="a">Programming Languages</subfield>
  </datafield>
  <datafield tag="650" ind1=" " ind2=" ">
    <subfield code="a">ANSI C</subfield>
  </datafield>
  <datafield tag="942" ind1=" " ind2=" ">
    <subfield code="2">ddc</subfield>
    <subfield code="c">BK</subfield>
  </datafield>
  <datafield tag="999" ind1=" " ind2=" ">
    <subfield code="c">24061</subfield>
    <subfield code="d">24061</subfield>
  </datafield>
  <datafield tag="952" ind1=" " ind2=" ">
    <subfield code="0">0</subfield>
    <subfield code="1">0</subfield>
    <subfield code="2">ddc</subfield>
    <subfield code="4">0</subfield>
    <subfield code="7">0</subfield>
    <subfield code="8">TXB</subfield>
    <subfield code="a">CURAJ</subfield>
    <subfield code="b">CURAJ</subfield>
    <subfield code="c">MTH</subfield>
    <subfield code="d">2021-02-23</subfield>
    <subfield code="e">Indica Publisher </subfield>
    <subfield code="g">450.00</subfield>
    <subfield code="i">2020-21/0941/29-01-2021</subfield>
    <subfield code="l">6</subfield>
    <subfield code="o">005.133 K13A</subfield>
    <subfield code="p">35535</subfield>
    <subfield code="r">2026-02-09</subfield>
    <subfield code="s">2026-01-23</subfield>
    <subfield code="w">2021-02-23</subfield>
    <subfield code="y">BK</subfield>
  </datafield>
  <datafield tag="952" ind1=" " ind2=" ">
    <subfield code="0">0</subfield>
    <subfield code="1">0</subfield>
    <subfield code="2">ddc</subfield>
    <subfield code="4">0</subfield>
    <subfield code="7">0</subfield>
    <subfield code="8">TXB</subfield>
    <subfield code="a">CURAJ</subfield>
    <subfield code="b">CURAJ</subfield>
    <subfield code="c">MTH</subfield>
    <subfield code="d">2021-02-23</subfield>
    <subfield code="e">Indica Publisher </subfield>
    <subfield code="g">450.00</subfield>
    <subfield code="i">2020-21/0941/29-01-2021</subfield>
    <subfield code="l">4</subfield>
    <subfield code="o">005.133 K13A</subfield>
    <subfield code="p">35536</subfield>
    <subfield code="r">2025-10-10</subfield>
    <subfield code="s">2025-09-25</subfield>
    <subfield code="w">2021-02-23</subfield>
    <subfield code="y">BK</subfield>
  </datafield>
  <datafield tag="952" ind1=" " ind2=" ">
    <subfield code="0">0</subfield>
    <subfield code="1">0</subfield>
    <subfield code="2">ddc</subfield>
    <subfield code="4">0</subfield>
    <subfield code="7">0</subfield>
    <subfield code="8">TXB</subfield>
    <subfield code="a">CURAJ</subfield>
    <subfield code="b">CURAJ</subfield>
    <subfield code="c">MTH</subfield>
    <subfield code="d">2021-02-23</subfield>
    <subfield code="e">Indica Publisher </subfield>
    <subfield code="g">450.00</subfield>
    <subfield code="i">2020-21/0941/29-01-2021</subfield>
    <subfield code="l">2</subfield>
    <subfield code="o">005.133 K13A</subfield>
    <subfield code="p">35537</subfield>
    <subfield code="r">2026-01-28</subfield>
    <subfield code="s">2026-01-23</subfield>
    <subfield code="w">2021-02-23</subfield>
    <subfield code="y">BK</subfield>
  </datafield>
  <datafield tag="952" ind1=" " ind2=" ">
    <subfield code="0">0</subfield>
    <subfield code="1">0</subfield>
    <subfield code="2">ddc</subfield>
    <subfield code="4">0</subfield>
    <subfield code="7">0</subfield>
    <subfield code="8">TXB</subfield>
    <subfield code="a">CURAJ</subfield>
    <subfield code="b">CURAJ</subfield>
    <subfield code="c">MTH</subfield>
    <subfield code="d">2021-02-23</subfield>
    <subfield code="e">Indica Publisher </subfield>
    <subfield code="g">450.00</subfield>
    <subfield code="i">2020-21/0941/29-01-2021</subfield>
    <subfield code="l">10</subfield>
    <subfield code="o">005.133 K13A</subfield>
    <subfield code="p">35538</subfield>
    <subfield code="r">2026-02-05</subfield>
    <subfield code="s">2026-01-22</subfield>
    <subfield code="w">2021-02-23</subfield>
    <subfield code="y">BK</subfield>
  </datafield>
  <datafield tag="952" ind1=" " ind2=" ">
    <subfield code="0">0</subfield>
    <subfield code="1">0</subfield>
    <subfield code="2">ddc</subfield>
    <subfield code="4">0</subfield>
    <subfield code="7">0</subfield>
    <subfield code="8">TXB</subfield>
    <subfield code="a">CURAJ</subfield>
    <subfield code="b">CURAJ</subfield>
    <subfield code="c">MTH</subfield>
    <subfield code="d">2021-02-23</subfield>
    <subfield code="e">Indica Publisher </subfield>
    <subfield code="g">450.00</subfield>
    <subfield code="i">2020-21/0941/29-01-2021</subfield>
    <subfield code="l">6</subfield>
    <subfield code="o">005.133 K13A</subfield>
    <subfield code="p">35539</subfield>
    <subfield code="r">2024-12-02</subfield>
    <subfield code="s">2024-11-18</subfield>
    <subfield code="w">2021-02-23</subfield>
    <subfield code="y">BK</subfield>
  </datafield>
  <datafield tag="952" ind1=" " ind2=" ">
    <subfield code="0">0</subfield>
    <subfield code="1">0</subfield>
    <subfield code="2">ddc</subfield>
    <subfield code="4">0</subfield>
    <subfield code="7">0</subfield>
    <subfield code="8">TXB</subfield>
    <subfield code="a">CURAJ</subfield>
    <subfield code="b">CURAJ</subfield>
    <subfield code="c">MTH</subfield>
    <subfield code="d">2021-06-30</subfield>
    <subfield code="e">Indica Publisher </subfield>
    <subfield code="g">450.00</subfield>
    <subfield code="i">2020-21/0941/29-01-2021</subfield>
    <subfield code="l">2</subfield>
    <subfield code="o">005.133 K13A</subfield>
    <subfield code="p">35530</subfield>
    <subfield code="r">2023-09-25</subfield>
    <subfield code="s">2023-09-11</subfield>
    <subfield code="w">2021-06-30</subfield>
    <subfield code="y">BK</subfield>
  </datafield>
  <datafield tag="952" ind1=" " ind2=" ">
    <subfield code="0">0</subfield>
    <subfield code="1">0</subfield>
    <subfield code="2">ddc</subfield>
    <subfield code="4">0</subfield>
    <subfield code="7">0</subfield>
    <subfield code="8">TXB</subfield>
    <subfield code="a">CURAJ</subfield>
    <subfield code="b">CURAJ</subfield>
    <subfield code="c">MTH</subfield>
    <subfield code="d">2021-06-30</subfield>
    <subfield code="e">Indica Publisher </subfield>
    <subfield code="g">450.00</subfield>
    <subfield code="i">2020-21/0941/29-01-2021</subfield>
    <subfield code="l">5</subfield>
    <subfield code="o">005.133 K13A</subfield>
    <subfield code="p">35531</subfield>
    <subfield code="r">2022-05-17</subfield>
    <subfield code="s">2022-05-05</subfield>
    <subfield code="w">2021-06-30</subfield>
    <subfield code="y">BK</subfield>
  </datafield>
  <datafield tag="952" ind1=" " ind2=" ">
    <subfield code="0">0</subfield>
    <subfield code="1">0</subfield>
    <subfield code="2">ddc</subfield>
    <subfield code="4">0</subfield>
    <subfield code="7">0</subfield>
    <subfield code="8">TXB</subfield>
    <subfield code="a">CURAJ</subfield>
    <subfield code="b">CURAJ</subfield>
    <subfield code="c">MTH</subfield>
    <subfield code="d">2021-06-30</subfield>
    <subfield code="e">Indica Publisher </subfield>
    <subfield code="g">450.00</subfield>
    <subfield code="i">2020-21/0941/29-01-2021</subfield>
    <subfield code="l">3</subfield>
    <subfield code="o">005.133 K13A</subfield>
    <subfield code="p">35532</subfield>
    <subfield code="r">2025-11-04</subfield>
    <subfield code="s">2025-10-24</subfield>
    <subfield code="w">2021-06-30</subfield>
    <subfield code="y">BK</subfield>
  </datafield>
  <datafield tag="952" ind1=" " ind2=" ">
    <subfield code="0">0</subfield>
    <subfield code="1">0</subfield>
    <subfield code="2">ddc</subfield>
    <subfield code="4">0</subfield>
    <subfield code="7">0</subfield>
    <subfield code="8">TXB</subfield>
    <subfield code="a">CURAJ</subfield>
    <subfield code="b">CURAJ</subfield>
    <subfield code="c">MTH</subfield>
    <subfield code="d">2021-06-30</subfield>
    <subfield code="e">Indica Publisher </subfield>
    <subfield code="g">450.00</subfield>
    <subfield code="i">2020-21/0941/29-01-2021</subfield>
    <subfield code="l">12</subfield>
    <subfield code="o">005.133 K13A</subfield>
    <subfield code="p">35533</subfield>
    <subfield code="r">2025-12-29</subfield>
    <subfield code="s">2025-12-17</subfield>
    <subfield code="w">2021-06-30</subfield>
    <subfield code="y">BK</subfield>
  </datafield>
  <datafield tag="952" ind1=" " ind2=" ">
    <subfield code="0">0</subfield>
    <subfield code="1">0</subfield>
    <subfield code="2">ddc</subfield>
    <subfield code="4">0</subfield>
    <subfield code="7">0</subfield>
    <subfield code="8">TXB</subfield>
    <subfield code="a">CURAJ</subfield>
    <subfield code="b">CURAJ</subfield>
    <subfield code="c">MTH</subfield>
    <subfield code="d">2021-06-30</subfield>
    <subfield code="e">Indica Publisher </subfield>
    <subfield code="g">450.00</subfield>
    <subfield code="i">2020-21/0941/29-01-2021</subfield>
    <subfield code="o">005.133 K13A</subfield>
    <subfield code="p">35534</subfield>
    <subfield code="r">2021-06-30</subfield>
    <subfield code="w">2021-06-30</subfield>
    <subfield code="y">BK</subfield>
  </datafield>
</record>
